Formación del joven / [por] P. J. Baeteman

Uloženo v:
Podrobná bibliografie
Hlavní autor: Baeteman, P. J. (autor)
Médium: Kniha
Vydání:2a ed.
Edice:Biblioteca joven de carácter
Témata:
Tagy: Přidat tag
Žádné tagy, Buďte první, kdo vytvoří štítek k tomuto záznamu!

MARC

LEADER 00000nam^a2200000^u^4500
001 000545417
005 20250521000000.0
008 060220s1000^^^^^^^^^^^^r^^^^^000^0^spa^d
009 20260310131348.126
035 |a FMI 000014826 
037 |a Acervo Xavier Clavigero 
096 |a 5.7.5/37/E 
100 |a Baeteman, P. J.  |e (autor) 
245 1 0 |a Formación del joven / [por] P. J. Baeteman 
250 |a 2a ed. 
264 |a Buenos Aires : Difusión, 1942 
300 |a 424 p. 
336 |a texto  |b txt  |2 rdacontenido 
337 |a sin mediación  |b n  |2 rdamedio 
338 |a volumen  |b nc  |2 rdasoporte 
440 0 |a Biblioteca joven de carácter 
649 |a XX 
650 |a Doctrina social católica 
910 |a Fondo Francisco Migoya Covarrubias S.J. 
920 |a Impresos - Libros 
930 |a Fondos Especiales 
905 |a 134 
901 |a SBC22180  |b IT2  |c ESP  |u 20250521 
901 |a SBC22349  |b IT2  |c ESP  |u 20250521 
902 |a https://opac.biblio.iteso.mx/vufind/Record/000545417